Crânio em geral - Statistics

Estatísticas Gerais
  • Esse quiz foi jogado 24 vezes
  • A pontuação média é 5 de 15
Estatísticas das Respostas
Hint Resposta % Correto
12 Forame magno
93%
8 Forame oval
86%
7 Forame redondo
57%
10 Forame jugular
36%
9 Meato acústico interno
36%
13 Forame lácero
29%
5 Sulco ótico
29%
15 Asa menor do esfenoide
21%
2 Porção petrosa do temporal
21%
6 Fissura orbitária superior
14%
3 Fossa cerebelosa
14%
16 Labirintos etmoidais
14%
4 Lâmina cribiforme
14%
11 Forame do canal condiliano
0%
14 Sutura esfeno-escamosa
0%
Nenhum quiz correspondente encontrado
Distribuição das Pontuações
Porcentagem de Pessoas com Cada Pontuação
Percentil de Números Respondidos
Sua Pontuação Histórica
Você não jogou esse quiz